Firelight / (Record no. 2577)

MARC details
000 -LEADER
fixed length control field 01738cam a22003857i 4500
005 - DATE AND TIME OF LATEST TRANSACTION
control field 20240108094725.0
020 ## - INTERNATIONAL STANDARD BOOK NUMBER
International Standard Book Number 9780545433167
040 ## - CATALOGING SOURCE
Original cataloging agency BTCTA
Language of cataloging eng
Transcribing agency BTCTA
Description conventions rda
Modifying agency YDXCP
-- HQD
-- PX0
-- OCLCQ
-- GK8
-- WIM
-- OCLCF
-- ZPP
-- ABG
-- MNM
-- OCLCO
-- AUMCS
-- VP@
-- OCL
-- OCLCO
-- DLC
050 00 - LIBRARY OF CONGRESS CALL NUMBER
Classification number PZ7.7.K52
Item number Fi 2016
082 04 - DEWEY DECIMAL CLASSIFICATION NUMBER
Classification number 741.5
100 1# - MAIN ENTRY--PERSONAL NAME
Personal name Kibuishi, Kazu
Dates associated with a name 1978-
Relator term author
-- illustrator
245 10 - TITLE STATEMENT
Title Firelight /
Statement of responsibility, etc. Kazu Kibuishi
250 ## - EDITION STATEMENT
Edition statement First edition, March 2016
260 ## - PUBLICATION, DISTRIBUTION, ETC.
Place of publication, distribution, etc. New York :
Name of publisher, distributor, etc. Scholastic,
Date of publication, distribution, etc. 2016
300 ## - PHYSICAL DESCRIPTION
Extent 197 pages :
Other physical details chiefly color illustrations, color map ;
Dimensions 24 cm.
490 0# - SERIES STATEMENT
Series statement Amulet
Volume/sequential designation Book 7
505 ## - FORMATTED CONTENTS NOTE
Formatted contents note G <br/>
520 ## - SUMMARY, ETC.
Summary, etc. "Emily, Trellis, and Vigo visit Algos Island, where they can access and enter lost memories. They're hoping to uncover the events of Trellis's mysterious childhood -- knowledge they can use against the Elf King. What they discover is a dark secret that changes everything. Meanwhile, the Voice of Emily's Amulet is getting stronger, and threatens to overtake her completely"
521 ## - TARGET AUDIENCE NOTE
Target audience note 410 GN <br/>
Source Lexile <br/>
521 ## - TARGET AUDIENCE NOTE
Target audience note G <br/>
Source Raz-Plus <br/>
650 #0 - SUBJECT ADDED ENTRY--TOPICAL TERM
Topical term or geographic name entry element Amulets
Form subdivision Comic books, strips, etc.
650 #0 - SUBJECT ADDED ENTRY--TOPICAL TERM
Topical term or geographic name entry element Siblings
Form subdivision Comic books, strips, etc.
650 #0 - SUBJECT ADDED ENTRY--TOPICAL TERM
Topical term or geographic name entry element Supernatural
Form subdivision Comic books, strips, etc.
650 #0 - SUBJECT ADDED ENTRY--TOPICAL TERM
Topical term or geographic name entry element Elves
Form subdivision Comic books, strips, etc.
650 #0 - SUBJECT ADDED ENTRY--TOPICAL TERM
Topical term or geographic name entry element Imaginary places
Form subdivision Comic books, strips, etc.
650 #0 - SUBJECT ADDED ENTRY--TOPICAL TERM
Topical term or geographic name entry element Magic
Form subdivision Comic books, strips, etc.
650 #0 - SUBJECT ADDED ENTRY--TOPICAL TERM
Topical term or geographic name entry element Comic books, strips, etc.
Geographic subdivision United States.
650 #0 - SUBJECT ADDED ENTRY--TOPICAL TERM
Topical term or geographic name entry element Siblings
Form subdivision Juvenile fiction.
655 #0 - INDEX TERM--GENRE/FORM
Genre/form data or focus term Fantasy comic books, strips, etc.
655 #7 - INDEX TERM--GENRE/FORM
Genre/form data or focus term Graphic novels.
Source of term lcgft
655 #7 - INDEX TERM--GENRE/FORM
Genre/form data or focus term Comics (Graphic works)
Source of term lcgft
906 ## - LOCAL DATA ELEMENT F, LDF (RLIN)
a 7
b cbc
c copycat
d 2
e epcn
f 20
g y-gencatlg
942 ## - ADDED ENTRY ELEMENTS (KOHA)
Source of classification or shelving scheme Dewey Decimal Classification
Koha item type Books
Suppress in OPAC No
999 ## -
-- 2577
-- 2577
Holdings
Withdrawn status Lost status Source of classification or shelving scheme Damaged status Not for loan Collection Home library Current library Shelving location Date acquired Total Checkouts Full call number Barcode Date last seen Date last checked out Price effective from Koha item type
    Dewey Decimal Classification     Juvenile Fiction Footprints International School Library Network Toul Kork Campus Footprints International School Library Network Toul Kork Campus   01/02/2024 8 KIB 741.5 PZ7.K52 FISSE01603 05/29/2025 05/22/2025 01/02/2024 Books